[Event "HUN-ch rapid"]
[Site "Ajka"]
[Date "2020.07.17"]
[Round "3"]
[White "Kantor, Gergely"]
[Black "Horvath, Tamas I"]
[Result "1-0"]
[WhiteElo "2530"]
[BlackElo "2318"]
[PlyCount "73"]
[EventDate "2020.07.17"]
[EventType "swiss (rapid)"]
[EventRounds "13"]
[EventCountry "HUN"]
[SourceTitle "CBM 197 Extra"]
[Source "ChessBase"]
[SourceDate "2020.09.30"]
[SourceVersion "1"]
[SourceVersionDate "2020.09.30"]
[SourceQuality "1"]

1. d4 Nf6 2. c4 e6 3. Nf3 Bb4+ 4. Bd2 Qe7 5. g3 Nc6 6. Nc3 Bxc3 7. Bxc3 Ne4 8. Rc1 0-0 9. Bg2 d6 10. d5 Nd8 11. 0-0 e5 12. Nd2 Nxc3 13. Rxc3 b6 14. b4 a5 15. Ra3 Nb7 16. Nb3 Bf5 17. bxa5 bxa5 18. c5 dxc5 19. Qc1 c4 20. Nd2 Qb4 21. Nxc4 Qe7 22. Qb2 Nd6 23. Nxe5 Rfe8 24. Re3 Qf6 25. f4 Rab8 26. Qc3 Nb5 27. Qxa5 Qd6 28. Rc1 f6 29. Nc6 Rxe3 30. Nxb8 Nd4 31. Qxc7 Qxc7 32. Rxc7 Rxe2 33. d6 Re1+ 34. Kf2 Re2+ 35. Kf1 Bd3 36. Bd5+ Ne6 37. Kg1 1-0